000 00795nam a22002057a 4500
008 110519r19942005ua|||||r|||| 000 0 ara d
020 _a9770901814
082 _222
_a320.962
_bه و ي
100 _98613
_aهويدي، فهمي
245 _aإحقاق الحق /
_cفهمي هويدي
250 _aط4
260 _aالقاهرة :
_bدار الشروق، 2005
_c2005
300 _a254 ص ؛
_c24 سم
650 _913370
_aالإسلام والسياسة
650 _915550
_aالإرهاب
_zمصر
651 _921463
_aمصر
_xالسياسة والحكومة
653 _bPol
_bGeneral
_cMay2011
942 _2ddc
_cBB
999 _c15337
_d15337